1127 1605 1978 1198 1759 1584 1284 1959 1815 1467 1467 1251 1723 1447 1696 1019 1056 1949 1140 1735 1221 1154 1544 1349 1912 1450 1436 1844 1495 1311 1171 1015 1955 1262 1110 1994 1316 1839 1261 1217 1003 1551 1368 1599 1685 1055 1240 1084 1033 1290 1345 1476 1432 1520 1502 1866 1405 1945 1811 1637 1453 1351 1762 1889 1783 1940 1463 1788 1731 1588 1045 1738 1870 1223 1225 1174 1551 1371 1961 1108 1439 1871 1465 1798 1967 1428 1840 1463 1848 1389 1546 1751 1089 1410 1382 1794 1567 1725 1323 BCNSPRNW ULIB Ver.6.0+V

เปลี่ยนเป็นภาษาไทย

Change to English
 แสดงรายละเอียดบรรณานุกรม
  กลับหน้าหลัก

Brief Record : Get Marc (ISO 2709) : E-mail record : QR code < ปิดหน้าต่าง
LEADER : 00000nam 2200000uu 4500
001    13399124994
003     ULIB
008    160527s2558||||th 000 0 tha d
020    ^a9786163948939
060  4 ^aWY106^bก815ก
100 0  ^aเกษราวัลณ์ นิลวรากูร
245 00 ^aการวิจัยเชิงปฏิบัติการสำหรับการพยาบาลชุมชน/^cเกษราวัลณ์ นิลวรากูร
260    ^aขอนแก่น: ^bโรงพิมพ์คลังนานาวิทยา,^c2558.
300    ^a291 หน้า
650  7 ^aการพยาบาลชุมชน--^xวิจัย
650  7 ^aวิจัย
945    ^p250^l0^i23717
945    ^p250^l0^i23718
945    ^p250^l0^i23719
945    ^p250^l0^i23720
945    ^p250^l0^i23735
999    ^aทศพร เกษรทอง
รายการนี้ยังไม่มีแท็ก
คุณยังไม่ได้ล็อกอิน คุณสามารถมีกิจกรรมร่วมกับเว็บไซต์ได้ แต่ต้องล็อกอินก่อน ::
  ล็อกอิน

รายการสื่อสารสนเทศ

ลำดับที่ ประเภท เลขเรียก/บาร์โค้ด สถานที่ สถานะ
1. Book การพยาบาล
หนังสือสำรอง
สถานะ=หนังสือสำรอง
WY106 ก815ก ฉ.1 
  Barcode: 23717
ห้องสมุดวิทยาเขตนครสวรรค์
►ส่วนจัดเก็บหนังสือเก่า นว.
บนชั้น
  ขอยืม
2. Book การพยาบาล
Book การพยาบาล
WY106 ก815ก ฉ.2 
  Barcode: 23718
ห้องสมุดวิทยาเขตนครสวรรค์
►ส่วนจัดเก็บหนังสือเก่า นว.
บนชั้น
  ขอยืม
3. Book การพยาบาล
Book การพยาบาล
WY106 ก815ก ฉ.3 
  Barcode: 23719
ห้องสมุดวิทยาเขตนครสวรรค์
►ส่วนจัดเก็บหนังสือเก่า นว.
บนชั้น
  ขอยืม
4. Book การพยาบาล
Book การพยาบาล
WY106 ก815ก ฉ.4 
  Barcode: 23720
ห้องสมุดวิทยาเขตนครสวรรค์
►ส่วนจัดเก็บหนังสือเก่า นว.
บนชั้น
  ขอยืม
5. Book การพยาบาล
Book การพยาบาล
WY106 ก815ก ฉ.5 
  Barcode: 23735
ห้องสมุดวิทยาเขตนครสวรรค์
►ส่วนจัดเก็บหนังสือเก่า นว.
บนชั้น
  ขอยืม

รายการใกล้เคียง
    หัวเรื่อง [วิจัย]

BibComment


ยังไม่เคยถูกคอมเมนท์

คอมเมนท์ทรัพยากรรายการนี้
  คอมเมนท์: การวิจัยเชิงปฏิบ..


 Copyright 2026. Bcnsprnw @Library